| Tag |
First Indicator |
Second Indicator |
Subfields |
| LEADER |
00000cam a2200000Ia 4500 |
| 001 |
in00001804821 |
| 005 |
20151025192817.0 |
| 008 |
810918s1972 wiua b f000 0 eng d |
| 035 |
|
|
|a (OCoLC)ocm07772250
|
| 040 |
|
|
|a WAU
|c WAU
|d TXA
|d UtOrBLW
|
| 049 |
|
|
|a TXAM
|
| 086 |
|
0 |
|a A 13.27/2:P 34
|
| 090 |
|
|
|a TP1180.P653
|b M57
|
| 100 |
1 |
|
|a Mitchell, H. L.
|q (Harry Leland),
|d 1906-1989.
|
| 245 |
1 |
0 |
|a How PEG helps the hobbyist who works with wood /
|c by H.L. Mitchell.
|
| 264 |
|
1 |
|a Madison, Wis. :
|b U.S. Dept. of Agriculture, Forest Service, Forest Products Laboratory,
|c 1972.
|
| 300 |
|
|
|a 20 pages :
|b illustrations ;
|c 26 cm.
|
| 336 |
|
|
|a text
|b txt
|2 rdacontent
|
| 337 |
|
|
|a unmediated
|b n
|2 rdamedia
|
| 338 |
|
|
|a volume
|b nc
|2 rdacarrier
|
| 504 |
|
|
|a Bibliography: page 20.
|
| 650 |
|
0 |
|a Polyethylene glycol.
|
| 710 |
2 |
|
|a Forest Products Laboratory (U.S.)
|
| 994 |
|
|
|a E0
|b TXA
|
| 999 |
|
|
|a MARS
|
| 999 |
f |
f |
|s 0ac22947-93e6-3133-93e1-f933d23ab00a
|i fcda03a4-e152-365d-b597-b7a0d67e06b7
|t 0
|
| 952 |
f |
f |
|p normal
|a Texas A&M University
|b College Station
|c Sterling C. Evans Library
|d Evans: US Documents (Annex 5th floor)
|t 0
|e A 13.27/2:P 34
|h Superintendent of Documents classification
|i unmediated -- volume
|m A14831006769
|
| 998 |
f |
f |
|a A 13.27/2:P 34
|t 0
|l Evans: US Documents (Annex 5th floor)
|